Statystyki dla Stolice Losowych Państw #1

Kliknij tutaj aby rozwiązać quiz!

Ogólne statystyki

  • Ten quiz został rozwiązany 36 razy
  • Średni wynik to 10 z 15

Statystyki odpowiedzi

StolicaKontynentPaństwo% Poprawnych
VaduzEuropaLiechtenstein
91%
KiszyniówEuropaMołdawia
91%
BernoEuropaSzwajcaria
91%
Nursułtan(Astana)Azja/EuropaKazachstan
89%
La Paz/SucreAmeryka PołudniowaBoliwia
86%
AsuncionAmeryka PołudniowaParagwaj
80%
Addis AbebaAfrykaEtiopia
77%
San JoseAmeryka PółnocnaKostaryka
71%
KinszasaAfrykaDemokratyczna Republika Konga
57%
BelmopanAmeryka PółnocnaBelize
46%
SuvaAustralia i OceaniaFidżi
43%
NawakszutAfrykaMauretania
43%
ThimpuAzjaBhutan
37%
LillongweAfrykaMalawi
34%
Mbabane/LobambaAfrykaEswatini
26%

Rozkład punktacji

Percentyl według liczby udzielonych odpowiedzi

Procent ludzi z każdym wynikiem

Twoja historia wyników

Nie rozwiązałeś tego quizu